[Event "ch-USA GpB"]
[Site "San Diego USA"]
[Date "2006.03.05"]
[Round "3"]
[White "Perelshteyn,E"]
[Black "Ivanov,AV USA"]
[Result "0-1"]
[WhiteElo "2522"]
[BlackElo "2606"]

1.e4 e5 2.Nf3 Nc6 3.Bb5 a6 4.Ba4 Nf6 5.O-O Be7 6.Re1 b5 7.Bb3 d6 8.c3 O-O
9.h3 Bb7 10.d4 Re8 11.Nbd2 Bf8 12.a3 Qd7 13.Bc2 g6 14.d5 Ne7 15.c4 c6 16.b3 cxd5
17.cxd5 Bg7 18.Ra2 Nh5 19.Nf1 f5 20.exf5 Nxd5 21.fxg6 Nc3 22.gxh7+ Kh8 23.Nh4 Nxd1
24.Ng6+ Kxh7 25.Nf8+ Kh8 26.Nxd7 Nc3 27.Ra1 Nf4 28.Ne3 Bc6 29.Bf5 Nce2+ 30.Kf1 Nd4
31.Bg4 Red8 32.g3 Nd3 33.Nb6 Rab8 34.Nbd5 Nxe1 35.Kxe1 Bxd5 36.Nxd5 Nc2+
37.Kd1 Nxa1 38.b4 Rf8 39.Be3 Rb7 40.Be6 Nb3 41.Kc2 Re8  0-1

[Event "TCh-BEL 2005-6"]
[Site "Belgium BEL"]
[Date "2006.03.12"]
[Round "10"]
[White "De Wit,M"]
[Black "Minyeyevtsev,S"]
[Result "0-1"]
[WhiteElo "2259"]
[BlackElo "2159"]

1.e4 e5 2.Nf3 Nc6 3.Bb5 a6 4.Ba4 Nf6 5.O-O Be7 6.Re1 b5 7.Bb3 d6 8.c3 O-O
9.h3 Bb7 10.d4 Re8 11.Ng5 Rf8 12.g4 d5 13.dxe5 Nxe5 14.exd5 Ng6 15.c4 bxc4
16.Bxc4 Nxd5 17.Ne4 Ndf4 18.Qxd8 Raxd8 19.Bxf4 Nxf4 20.Bf1 Rd4 21.Nbc3 Rfd8
22.a3 Nd3 23.Re2 Nf4 24.Re3 Bf8 25.Rae1 Ng6 26.Kh2 f5 27.gxf5 Nh4 28.f6 gxf6
29.Nxf6+ Kf7 30.Ng4 Bd6+ 31.Ne5+ Bxe5+ 32.Rxe5 Nf3+ 33.Kg3 Rg8+  0-1

[Event "ch-ARG s/f"]
[Site "Buenos Aires ARG"]
[Date "2006.03.22"]
[Round "2"]
[White "Tristan,L"]
[Black "Diaz,Nah"]
[Result "1/2-1/2"]
[WhiteElo "2288"]
[BlackElo "2418"]

1.e4 e5 2.Nf3 Nc6 3.Bb5 a6 4.Ba4 Nf6 5.O-O b5 6.Bb3 Be7 7.Re1 d6 8.c3 O-O
9.h3 Bb7 10.d4 Nd7 11.Nbd2 Na5 12.Bc2 exd4 13.cxd4 c5 14.Nf1 Nc6 15.Bf4 Re8
16.Ne3 Nf8 17.d5 Nb4 18.Bb1 Ng6 19.Bg3 Bf6 20.Qd2 a5 21.a3 Na6 22.Nf5 Ne5
23.Nxe5 dxe5 24.Qe2 Qd7 25.b3 Bc8 26.Bd3 Rb8 27.f3 Bd8 28.Bf2 g6 29.Ne3 Qb7
30.Nd1 Be7 31.Nc3 Bd7 32.a4 c4 33.bxc4 b4 34.Nb5 Bf8 35.Rec1 Nc5 36.Ra2 Rbc8
37.h4 f6 38.Be3 Qb8 39.Rf1 Bg7 40.h5 g5 41.Bb1 Bf8 42.Rd1 Bd6 43.g3  1/2-1/2

[Event "It"]
[Site "Frascati ITA"]
[Date "2006.03.30"]
[Round "6"]
[White "Ronchetti,N"]
[Black "Dervishi,E"]
[Result "0-1"]
[WhiteElo "2411"]
[BlackElo "2491"]

1.e4 e5 2.Nf3 Nc6 3.Bb5 a6 4.Ba4 Nf6 5.O-O Be7 6.Re1 b5 7.Bb3 d6 8.c3 O-O
9.h3 Bb7 10.d4 Re8 11.Nbd2 Bf8 12.a4 h6 13.Bc2 Nb8 14.b4 Nbd7 15.Bd3 c6 16.Nf1 g6
17.Ng3 Bg7 18.Nh2 d5 19.Bb2 dxe4 20.Bxe4 exd4 21.cxd4 Nb6 22.axb5 axb5 23.Nf3 Na4
24.Qb3 Nxe4 25.Nxe4 c5 26.Nxc5 Rxe1+ 27.Nxe1 Bd5 28.Qc2 Nxb2 29.Qxb2 Rxa1
30.Qxa1 Qg5 31.Qd1 h5 32.Kf1 h4 33.Kg1 Bf8 34.Ncd3 Bd6 35.Nf3 Bxf3 36.Qxf3 Qd2
37.Ne5 Bxe5 38.dxe5 Qxb4 39.Qa8+ Kg7 40.Qa1 Kh7 41.e6 fxe6 42.Qf6 Qd6 43.Qxh4+ Kg7
44.g4 b4 45.g5 e5 46.Qc4 Qb6 47.Qd5 b3 48.Qxe5+ Kf7 49.Qb2 Ke7 50.Qg7+ Kd8
51.Qf8+ Kc7 52.Qf7+ Kb8 53.Qe8+ Kb7 54.Qd7+ Kb8 55.Qe8+ Kc7 56.Qf7+ Kd6 57.Qxg6+ Kc5
58.Qf5+ Kc4 59.g6 b2 60.Qc2+ Kd5 61.Qf5+ Kc4 62.Qc2+ Kd4 63.Qb1 Qb7 64.f4 Ke3
65.f5 Kf4 66.Kh2 Qb5 67.h4 Qe2+ 68.Kh3 Qe3+ 69.Kg2 Qd2+ 70.Kh3 Qc1  0-1

[Event "V Open"]
[Site "Dos Hermanas ESP"]
[Date "2006.03.31"]
[Round "2"]
[White "Vega Gutierrez,B"]
[Black "Cheparinov,I"]
[Result "0-1"]
[WhiteElo "2117"]
[BlackElo "2625"]

1.e4 e5 2.Nf3 Nc6 3.Bb5 a6 4.Ba4 Nf6 5.O-O Be7 6.Re1 b5 7.Bb3 d6 8.c3 O-O
9.h3 Bb7 10.d3 Nb8 11.Nbd2 Nbd7 12.Nf1 Nc5 13.Bc2 Re8 14.Ng3 Bf8 15.b4 Ncd7
16.d4 a5 17.Qd3 axb4 18.cxb4 exd4 19.Nxd4 d5 20.Bg5 Bxb4 21.Re3 c5 22.Nxb5 d4
23.Re2 Ne5 24.Qb3 d3 25.Bxf6 Qxf6  0-1

[Event "7th ch-Euro"]
[Site "Kusadasi TUR"]
[Date "2006.04.08"]
[Round "5"]
[White "Petrosian,TL"]
[Black "Sulskis,S"]
[Result "0-1"]
[WhiteElo "2558"]
[BlackElo "2504"]

1.e4 e5 2.Nf3 Nc6 3.Bb5 a6 4.Ba4 Nf6 5.O-O Be7 6.Re1 b5 7.Bb3 d6 8.c3 O-O
9.h3 Bb7 10.d4 Re8 11.Nbd2 Bf8 12.a4 h6 13.Bc2 exd4 14.cxd4 Nb4 15.Bb1 c5
16.d5 Nd7 17.Ra3 f5 18.Nh2 Nf6 19.Rf3 Re5 20.Rxf5 Rxf5 21.exf5 Bxd5 22.Ng4 Ra7
23.Nxf6+ Qxf6 24.Ne4 Qxf5 25.Bd2 Ba2 26.Bxb4 Bxb1 27.Nxd6 Bc2 28.Nxf5 Bxd1
29.Rxd1 cxb4 30.axb5 axb5 31.f4 Ra2 32.b3 Rc2 33.Nd4 Rc3 34.Kh2 Kf7 35.h4 Be7
36.Nf5 Rxb3 37.Rd5 Rc3 38.Nxe7 Kxe7 39.Rxb5 b3 40.Rb7+ Kd6 41.h5 Kc6 42.Rb8 Kd5
43.g4 Ke4 44.f5 Kf4 45.Rb4+ Kg5 46.Kg2 Kh4 47.Kf2 Rh3 48.Kg2 Rg3+ 49.Kf2 Kh3
50.g5 hxg5 51.h6 gxh6 52.f6 g4 53.Rf4 b2 54.Rb4 h5 55.f7 Rf3+ 56.Kg1 Rxf7
57.Rxb2 g3 58.Rb5 h4 59.Rb1 Rf4 60.Ra1 Rd4 61.Kh1 Kg4 62.Rb1 h3 63.Rg1 Rf4
64.Ra1 g2+ 65.Kh2 Rf1 66.Ra4+ Kf5 67.Ra5+ Ke6 68.Ra6+ Kd7 69.Ra7+ Kc6 70.Ra6+ Kb7  0-1

[Event "Open NOR-ch"]
[Site "Oslo NOR"]
[Date "2006.04.08"]
[Round "1"]
[White "Sagafos,M"]
[Black "Mohr,F"]
[Result "1-0"]
[WhiteElo "2271"]
[BlackElo "1943"]

1.e4 e5 2.Nf3 Nc6 3.Bb5 a6 4.Ba4 Nf6 5.O-O Be7 6.Re1 b5 7.Bb3 d6 8.c3 O-O
9.h3 Bb7 10.d4 Re8 11.Nbd2 Bf8 12.d5 Ne7 13.Nf1 Nd7 14.Ng3 Nb6 15.Be3 Qd7
16.Nh2 Kh8 17.Qf3 Ng6 18.Nf5 Be7 19.g4 Rf8 20.Qg3 Rae8 21.h4 Bd8 22.Rad1 Ne7
23.h5 a5 24.a3 Nxf5 25.exf5 Rg8 26.Bxb6 cxb6 27.Bc2 f6 28.Qd3 Bc7 29.Kg2 Ra8
30.Kg3 Ba6 31.Qe4 Qf7 32.Nf1 Bb7 33.Ne3 Rac8 34.Bd3 Qd7 35.Be2 Ra8 36.Rc1 Rgc8
37.Rc2 Bd8 38.Rec1 Rc7 39.Qd3 Ba6 40.b4 a4 41.Qe4 Rac8 42.c4 bxc4 43.Bxc4 b5
44.Be2 Rxc2 45.Rxc2 Rxc2 46.Qxc2 Bb7 47.Qd3 Ba6 48.Nd1 Bb6 49.Qc2 Bb7 50.Nc3 Qc7
51.Bxb5 Bd4 52.Bc6 Bxc6 53.Ne4 Ba7 54.Qxc6 Qxc6 55.dxc6 Bb8 56.b5  1-0

[Event "7th ch-Euro"]
[Site "Kusadasi TUR"]
[Date "2006.04.13"]
[Round "9"]
[White "Fedorov,Alex"]
[Black "Guliev,Sarh"]
[Result "1-0"]
[WhiteElo "2608"]
[BlackElo "2484"]

1.e4 e5 2.Nf3 Nc6 3.Bb5 a6 4.Ba4 Nf6 5.O-O Be7 6.Re1 b5 7.Bb3 d6 8.c3 O-O
9.h3 Bb7 10.d4 Re8 11.Nbd2 Bf8 12.a3 h6 13.Bc2 Nb8 14.b4 Nbd7 15.Bb2 a5 16.Bd3 c6
17.Nb3 axb4 18.cxb4 exd4 19.Nbxd4 c5 20.Nxb5 Bxe4 21.Bxe4 Rxe4 22.Rxe4 Nxe4
23.Nc3 Nef6 24.Qb3 cxb4 25.axb4 Rxa1+ 26.Bxa1 Nb6 27.Na4 d5 28.b5 Ne4 29.Nxb6 Qxb6
30.Bd4 Qc7 31.g3 Qc4 32.Qb2 Nd6 33.b6 Nb7 34.Kg2 f6 35.Qa1 Kf7 36.Qa7 Qc6
37.Nh4 Qd7 38.g4 g6 39.Qb8 Bg7 40.Qc7 Qxc7 41.bxc7 Nd6 42.Bc5 Nc8 43.f4 Ke6
44.Nxg6 Kd7 45.Nh4 Kxc7 46.Nf5 Bh8 47.Nxh6 Kc6 48.Bf8 Kd7 49.Nf5 Na7 50.h4 Nc6
51.Bc5 Ke8 52.Kf3 Kf7 53.Ne3 Ke6 54.Nf5 Kf7 55.Nd4 Na5 56.Bb4 Nc4 57.Nf5 Bg7
58.h5 Bf8 59.Bc3 Nd6 60.Nxd6+ Bxd6 61.g5 fxg5 62.fxg5 Kg8 63.g6 Bf8 64.Bd4 Bh6
65.Kg4 Bc1 66.Kf5 Bd2 67.Ke6 Bc1 68.Kxd5 Bd2 69.Ke6  1-0

[Event "Open NOR-ch"]
[Site "Oslo NOR"]
[Date "2006.04.14"]
[Round "7"]
[White "Sagafos,M"]
[Black "Pham,T"]
[Result "1-0"]
[WhiteElo "2271"]
[BlackElo "2098"]

1.e4 e5 2.Nf3 Nc6 3.Bb5 a6 4.Ba4 Nf6 5.O-O Be7 6.Re1 b5 7.Bb3 d6 8.c3 O-O
9.h3 Bb7 10.d3 Nb8 11.Nbd2 Nbd7 12.Nf1 h6 13.Ng3 Re8 14.d4 Bf8 15.d5 Nc5
16.Nh2 c6 17.dxc6 Bxc6 18.Ng4 Nxb3 19.axb3 Nxg4 20.Qxg4 Kh8 21.Be3 Qf6 22.Red1 Qe6
23.Nf5 Red8 24.b4 Kh7 25.Bb6 Rd7 26.Rd2 g6 27.Ng3 Qxg4 28.hxg4 Rb7 29.Be3 Bd7
30.f3 Be6 31.Kf2 Bb3 32.Ra3 Be6 33.Rd1 Bc8 34.Raa1 Rd7 35.Rh1 f6 36.Rh2 g5
37.Nf5 Kg6 38.Rhh1 d5 39.Bc5 Bg7 40.exd5 Rd8 41.Ne3 Bb7 42.Rhd1 Rd7 43.b3 Re8
44.c4 h5 45.gxh5+ Kxh5 46.Nf5 Bf8 47.g4+ Kg6 48.Bxf8 Rxf8 49.c5 Rh7 50.c6 Bc8
51.d6 Bxf5 52.gxf5+ Kxf5 53.d7 Rh2+ 54.Ke3  1-0

[Event "XIII TCh-RUS"]
[Site "Sochi RUS"]
[Date "2006.04.20"]
[Round "1"]
[White "Volokitin,And"]
[Black "Kasimdzhanov,R"]
[Result "1/2-1/2"]
[WhiteElo "2660"]
[BlackElo "2673"]

1.e4 e5 2.Nf3 Nc6 3.Bb5 a6 4.Ba4 Nf6 5.O-O Be7 6.Re1 b5 7.Bb3 d6 8.c3 O-O
9.h3 Bb7 10.d4 Re8 11.Nbd2 Bf8 12.a4 Na5 13.Ba2 c5 14.d5 c4 15.b4 cxb3 16.Nxb3 Nc4
17.Nfd2 Rc8 18.Qf3 Nxd2 19.Nxd2 Nd7 20.axb5 axb5 21.Ba3 Ra8 22.Bb4 Qc7 23.Bb3 Nc5
24.Bc2 Reb8 25.Qe2 Na4 26.Ra3 Bc8 27.Bd3 Bd7 28.Qe3 Nc5  1/2-1/2

[Event "XIII TCh-RUS"]
[Site "Sochi RUS"]
[Date "2006.04.22"]
[Round "3"]
[White "Karjakin,Sergey"]
[Black "Kasimdzhanov,R"]
[Result "1/2-1/2"]
[WhiteElo "2661"]
[BlackElo "2673"]

1.e4 e5 2.Nf3 Nc6 3.Bb5 a6 4.Ba4 Nf6 5.O-O Be7 6.Re1 b5 7.Bb3 d6 8.c3 O-O
9.h3 Bb7 10.d4 Re8 11.Nbd2 Bf8 12.a4 h6 13.Bc2 exd4 14.cxd4 Nb4 15.Bb1 c5
16.d5 Nd7 17.Ra3 f5 18.Nh2 c4 19.exf5 Rxe1+ 20.Qxe1 Ne5 21.Nxc4 Nxc4 22.Qxb4 Nxa3
23.bxa3 Bxd5 24.Ng4 h5 25.Ne3 Bf7 26.Bb2 bxa4 27.f6 g6 28.Qd2 Rb8 29.Bd3 d5
30.Be5 Bd6 31.Bd4 Bf4 32.Qc2 Qe8 33.g3 Bh6 34.g4 Bxe3 35.fxe3 hxg4 36.hxg4 Rb3
37.g5 Rxa3 38.Bxg6 Bxg6 39.Qc7 Qf7 40.Qc8+ Kh7 41.Qh3+ Kg8 42.Qc8+ Qe8 43.Qc7 Ra1+
44.Bxa1 Qxe3+ 45.Kf1 Bd3+ 46.Kg2 Be4+ 47.Kf1 Bd3+ 48.Kg2 Qd2+ 49.Kg3 Qxg5+
50.Kf2 Qd2+ 51.Kg3 Qe1+ 52.Kf4 Qh4+ 53.Ke3 Qe4+ 54.Kf2 Qe2+ 55.Kg3 Qe1+ 56.Kf4 Qf2+
57.Kg5 Qg1+ 58.Kh4 Qh1+ 59.Kg5 Qg2+ 60.Kh4 Qe4+ 61.Kg5 Qf5+ 62.Kh4  1/2-1/2

[Event "President's Cup"]
[Site "Baku AZE"]
[Date "2006.05.11"]
[Round "8"]
[White "Guliev,L"]
[Black "Allahverdiev,A"]
[Result "1/2-1/2"]
[WhiteElo "2384"]
[BlackElo "2434"]

1.e4 e5 2.Nf3 Nc6 3.Bb5 a6 4.Ba4 Nf6 5.O-O Be7 6.Re1 b5 7.Bb3 d6 8.c3 O-O
9.h3 Bb7 10.d4 Re8 11.a4 h6 12.d5 Nb8 13.axb5 axb5 14.Rxa8 Bxa8 15.Nh2 Nbd7
16.Ng4 Nxg4 17.Qxg4 Nf6 18.Qg3 Nh5 19.Qf3 Nf6 20.c4 bxc4 21.Bxc4 Rf8 22.b4 Nh7
23.b5 Bb7 24.Nc3 Bc8 25.Bd3 Bg5 26.Ne2 Bd7 27.Ng3 Qa8 28.Qe2 Qa5 29.Bxg5 Nxg5
30.Rb1 g6 31.Qc2 Qb6 32.Kh2 Ra8 33.Nf1 Ra3 34.h4 Nh7 35.Ne3 Qd4 36.Be2 Rc3
37.Qb2 Nf6 38.Bf3 Rc5 39.b6 Qxb2 40.Rxb2 cxb6 41.Rxb6 Ne8 42.h5 Kg7 43.Be2 Kf6
44.g4 Kg5 45.Kg3 Rc3 46.Bf3 gxh5 47.gxh5 f5 48.exf5 Bxf5 49.Rc6  1/2-1/2

[Event "21st Schachtage"]
[Site "Hassloch GER"]
[Date "2006.06.04"]
[Round "4"]
[White "Bensch,P"]
[Black "Steinkohl,T"]
[Result "1/2-1/2"]
[WhiteElo "2279"]
[BlackElo "2243"]

1.e4 e5 2.Nf3 Nc6 3.Bb5 a6 4.Ba4 Nf6 5.O-O Be7 6.Re1 b5 7.Bb3 d6 8.c3 O-O
9.h3 Bb7 10.d4 Re8 11.d5 Na5 12.Bc2 c6 13.dxc6 Bxc6 14.Nbd2 Nb7 15.Nf1 Nc5
16.Ng3 Qc7 17.Nh2 Qb7 18.Qe2 d5 19.Ng4 Nxg4 20.Qxg4 Nxe4 21.Nxe4 dxe4 22.Bxe4 Bxe4
23.Rxe4 Bd6 24.Bh6 g6 25.Ree1 f5 26.Qh4 Be7 27.Bg5 Bxg5 28.Qxg5 Rac8 29.Rad1 Qe7
30.Qxe7 Rxe7 31.Rd6 Ra8 32.Red1 Kf7 33.f3 a5 34.a3 b4 35.axb4 axb4 36.c4 b3
37.Rb6 Ra4 38.Rc1 Rc7 39.c5 Ra5 40.c6 Ke6 41.Rxb3 Ra6 42.Rbc3 Rb6 43.R1c2 h5
44.h4 Kd5 45.Kf2 Rb4 46.g3 f4 47.Rd2+ Ke6 48.Rc5  1/2-1/2

[Event "28th Nezhmetdinov mem"]
[Site "Kazan RUS"]
[Date "2006.06.06"]
[Round "6"]
[White "Gutenev,A"]
[Black "Jakovenko,I"]
[Result "1-0"]
[WhiteElo "2168"]
[BlackElo "2234"]

1.e4 e5 2.Nf3 Nc6 3.Bb5 a6 4.Ba4 Nf6 5.O-O b5 6.Bb3 Be7 7.Re1 O-O 8.h3 d6
9.c3 Bb7 10.d4 h6 11.Nbd2 Re8 12.Nf1 Bf8 13.Ng3 Qd7 14.Bc2 Rad8 15.a4 Nb8
16.axb5 axb5 17.Ra5 c6 18.Be3 Qc7 19.Ra1 Bc8 20.Qd2 Nbd7 21.b3 Nb6 22.Ra2 Qb8
23.Rd1 Be6 24.Nh4 d5 25.dxe5 Nxe4 26.Qd3 g6 27.Nxe4 dxe4 28.Qxe4 Rxd1+ 29.Bxd1 Nd5
30.Bd2 Qd8 31.Bc2 Bg7 32.Ra7 Ne7 33.Qd4 Nd5 34.Nf3 Qc8 35.Qh4 Qb8 36.Ra1 h5
37.Re1 c5 38.Qg3 Ne7 39.Be3 Qc7 40.Bg5 Nd5 41.Nh4 Bc8 42.f4 Qa5 43.c4 bxc4
44.bxc4 Nc7 45.f5 Bxe5 46.Rxe5 Qa1+ 47.Kh2 Rxe5 48.Bf6  1-0

[Event "TCh-NOR"]
[Site "Oslo NOR"]
[Date "2006.06.08"]
[Round "2"]
[White "Dannevig,O"]
[Black "Royset,P"]
[Result "0-1"]
[WhiteElo "2329"]
[BlackElo "2228"]

1.e4 e5 2.Nf3 Nc6 3.Bb5 a6 4.Ba4 Nf6 5.O-O Be7 6.Re1 b5 7.Bb3 O-O 8.c3 d6
9.h3 Bb7 10.d4 Re8 11.Nbd2 Bf8 12.Bc2 Qd7 13.a4 exd4 14.cxd4 Nb4 15.Bb1 c5
16.axb5 axb5 17.Rxa8 Bxa8 18.d5 g6 19.Nf1 Bg7 20.Ng3 Bb7 21.Bd2 Na6 22.b3 b4
23.Qc1 Nc7 24.Bh6 Bh8 25.Qf4 Ncxd5 26.exd5 Rxe1+ 27.Nxe1 Nxd5 28.Qh4 Bf6
29.Qc4 Nc3 30.Be4 Qe7 31.Bxb7 Qxe1+ 32.Kh2 Qe7 33.Bd5 Bg7 34.Bxg7 Kxg7 35.f4 f5
36.Bf3 Qe3 37.Nf1 Qe1 38.Ng3 Qe3 39.Nf1 Qe1 40.Kg1 Qe7 41.Kf2 Qa7 42.Ne3 Qa2+
43.Kg3 Qd2 44.Nd5 Qe1+ 45.Kh2 h5 46.Nc7 h4 47.Qd3 Qg3+ 48.Kg1 Qe1+ 49.Qf1 Qe3+
50.Qf2 Qc1+ 51.Qf1 Qe3+ 52.Kh1 Qd2 53.Qa1 Kf7 54.Qf1 Qxf4 55.Nd5 Qd2 56.Qc4 Qe1+
57.Kh2 Kg7 58.Qf4 Qe5 59.g3 hxg3+ 60.Kxg3 g5 61.Qxe5+ dxe5 62.Nb6 e4 63.Bh5 f4+
64.Kf2 e3+ 65.Ke1 Ne4 66.Nd7 c4 67.bxc4 b3 68.Bd1 b2 69.Bc2 Nd2 70.Ne5 f3
71.Ng4 Nxc4 72.Bd3 Kf8 73.Kd1 Ke7 74.Ke1 Kd6 75.Nxe3 Nxe3 76.Kf2 Ng2 77.Bb1 Nh4
78.Ke3 Ke5 79.Ba2 Kd6 80.Bb1 Kc5 81.Ba2 Kb4 82.Bb1 Kc3 83.Kf2 Kd2  0-1

[Event "20th Open"]
[Site "Pula CRO"]
[Date "2006.06.20"]
[Round "3"]
[White "Kekic,A"]
[Black "Kvisvik,B"]
[Result "1-0"]
[WhiteElo "2213"]
[BlackElo "2050"]

1.e4 e5 2.Nf3 Nc6 3.Bb5 a6 4.Ba4 Nf6 5.O-O b5 6.Bb3 Be7 7.Re1 O-O 8.h3 Bb7
9.c3 d6 10.d4 Na5 11.Bc2 c5 12.Nbd2 cxd4 13.cxd4 Qc7 14.Nf1 Rfc8 15.Re2 g6
16.b3 Nh5 17.Bb2 Nf4 18.Rd2 d5 19.Rc1 Bb4 20.dxe5 Qb6 21.exd5 Bxd2 22.Qxd2 Nxd5
23.Qh6 Nc3 24.Ng5 Ne2+ 25.Kh2 Qxf2 26.Qxh7+ Kf8 27.Ba3+ Ke8 28.Nf3 Bd5 29.e6 Bxe6
30.Rd1 Rc5 31.Qh8+ Ke7 32.Qxa8 Kf6 33.Qh8+  1-0

[Event "Open A"]
[Site "Voronezh RUS"]
[Date "2006.06.20"]
[Round "8"]
[White "Orekhov,V"]
[Black "Kruchev,B"]
[Result "0-1"]
[WhiteElo "2261"]
[BlackElo "2328"]

1.e4 e5 2.Nf3 Nc6 3.Bb5 a6 4.Ba4 Nf6 5.O-O Be7 6.Re1 b5 7.Bb3 d6 8.c3 O-O
9.h3 Bb7 10.d4 Re8 11.Nbd2 Bf8 12.a4 g6 13.axb5 axb5 14.Rxa8 Qxa8 15.d5 Nb8
16.Nh2 Nbd7 17.Ng4 Nxg4 18.Qxg4 Nc5 19.Bc2 c6 20.b4 Bc8 21.Qf3 Na4 22.c4 Nb6
23.Bb3 cxd5 24.exd5 bxc4 25.Nxc4 Nxc4 26.Bxc4 Bd7 27.Bd2 Rc8 28.Qb3 Be7 29.f4 f6
30.Kh1 Kg7 31.fxe5 dxe5 32.Rc1 Qa7 33.Be3 Qb7 34.b5 Bd6 35.Ra1 Ra8 36.Ra6 Bb8
37.Qa4 Rxa6 38.Qxa6 Qc7 39.b6 Qd6 40.Bg1 e4 41.b7 Qg3 42.Bf1 g5 43.Qe2 Qe5
44.Qd2 g4 45.Qd4 Qf4 46.Qe3 Qxf1  0-1

[Event "Open A"]
[Site "Banska Stiavnica SVK"]
[Date "2006.07.10"]
[Round "3"]
[White "Jasny,S"]
[Black "Bednar,Jan"]
[Result "1-0"]
[WhiteElo "2325"]
[BlackElo "2162"]

1.e4 e5 2.Nf3 Nc6 3.Bb5 a6 4.Ba4 Nf6 5.O-O Be7 6.Re1 b5 7.Bb3 d6 8.c3 O-O
9.h3 Bb7 10.d4 Re8 11.Nbd2 Bf8 12.d5 Nb8 13.Nf1 h6 14.N3h2 Nbd7 15.Ng4 Nc5
16.Bc2 c6 17.Nxf6+ Qxf6 18.b4 Nd7 19.dxc6 Bxc6 20.Ne3 Nb6 21.Qd3 Qg6 22.a4 Nxa4
23.Nf5 Nb6 24.Re3 Kh7 25.Bb3 Nc4 26.Rg3 Qe6 27.Ne3 Qd7 28.Nxc4 bxc4 29.Qxc4 Re7
30.Qe2 g6 31.Rd3 Qb7 32.Bd5 Rc7 33.Bd2 Qc8 34.Bxc6 Rxc6 35.Rd5 Rb8 36.Rda5 Rbb6
37.Qd3 Be7 38.Be3 Rb7 39.R1a3 Rbc7 40.Bd2 Bg5 41.Bxg5 hxg5 42.Rxa6 Rxa6 43.Rxa6 Rxc3
44.Qxd6 Qc4 45.Qf6 Rb3 46.Rc6 Rb1+ 47.Kh2 Qa2 48.Rc8  1-0

[Event "ITT"]
[Site "Villa Martelli ARG"]
[Date "2006.07.24"]
[Round "1"]
[White "Della Morte,P"]
[Black "Paglilla,C"]
[Result "1/2-1/2"]
[WhiteElo "2284"]
[BlackElo "2371"]

1.e4 e5 2.Nf3 Nc6 3.Bb5 a6 4.Ba4 Nf6 5.O-O Be7 6.Re1 b5 7.Bb3 d6 8.c3 O-O
9.h3 Bb7 10.d4 h6 11.Nbd2 Re8 12.a3 Bf8 13.Bc2 g6 14.b4 Bg7 15.Bb2 Qd7 16.d5 Ne7
17.c4 c6 18.dxc6 Nxc6 19.Bd3 Nd8 20.cxb5 axb5 21.Qe2 Bc6 22.Kh2 Ne6 23.g3 Nd4
24.Nxd4 exd4 25.Rac1 Rab8 26.Qf1 d5 27.e5 Ne4 28.Nf3 Rxe5 29.Nxe5 Bxe5 30.f4 Bg7
31.Qg1 Nc3 32.Rc2 h5 33.Bxc3 dxc3 34.Qc5 h4 35.gxh4 Rc8 36.Qe7 Bh6 37.Kg3 d4
38.Qxd7 Bxd7 39.Re7 Rd8 40.Kf3 Kf8 41.Re5 Kg7 42.Rc5 Bf5 43.Rxf5 gxf5 44.Re2 Ra8  1/2-1/2

[Event "MTO Open"]
[Site "Biel SUI"]
[Date "2006.07.28"]
[Round "5"]
[White "Yagupov,I"]
[Black "Klovans,J"]
[Result "1/2-1/2"]
[WhiteElo "2559"]
[BlackElo "2433"]

1.e4 e5 2.Nf3 Nc6 3.Bb5 a6 4.Ba4 Nf6 5.O-O Be7 6.Re1 b5 7.Bb3 d6 8.c3 O-O
9.h3 Bb7 10.d4 Re8 11.Nbd2 Bf8 12.d5 Nb8 13.Nf1 Nbd7 14.N3h2 Nc5 15.Bc2 c6
16.b4 Ncd7 17.dxc6 Bxc6 18.Bg5 Be7 19.Bxf6 Nxf6 20.Ng4 Nxg4 21.hxg4 Rc8 22.Bb3 Bd7
23.Re3 Be6 24.Rd3 Bc4 25.Bxc4 Rxc4 26.Ne3 Rxe4 27.Qf3 Rf4 28.Qc6 h5 29.Qxa6 hxg4
30.g3 Rf3 31.Qxb5 e4 32.Rd4 Bf8 33.Qd5 Qc7 34.Rc4 Qa7 35.Rxe4 Rxe4 36.Qxe4 d5
37.Qd4 Qxd4 38.cxd4 Bxb4 39.Nxd5 Ba3 40.Ne3 Rf6 41.Nxg4 Ra6 42.Rd1 Bb2 43.d5 Kf8
44.Rd2 Rxa2 45.d6 Ke8 46.Re2+ Kd8 47.Kg2 Ra4 48.f4 Ba1 49.Re7 Ra6 50.Rxf7 Rxd6
51.Ne3 Ke8 52.Rb7 Rd7 53.Rb8+ Kf7 54.Kf3 Bf6 55.g4 Rd3 56.Rb7+ Kg6 57.Rb6 Kf7
58.Rb7+ Kg6 59.Ke2 Rd4 60.Ng2 Ra4 61.Rb6 Kf7 62.Rb7+ Kg6 63.Rd7 Re4+ 64.Kf3 Rd4
65.Rb7 Rd3+ 66.Ke4 Rd4+ 67.Ke3 Ra4 68.g5 Bxg5 69.fxg5 Kxg5 70.Rxg7+ Kf6 71.Rb7 Ke5
72.Rb5+ Kd6 73.Nf4 Ra3+ 74.Nd3 Ke6 75.Ke4 Ra4+ 76.Nb4 Kf6 77.Kf4 Ke6 78.Rb6+ Kd7
79.Ke5 Ra5+ 80.Nd5 Rc5 81.Ra6  1/2-1/2

[Event "XLVIII TCh-POR"]
[Site "Evora POR"]
[Date "2006.07.28"]
[Round "7"]
[White "Velicka,P"]
[Black "Perez Candelario,Man"]
[Result "1/2-1/2"]
[WhiteElo "2475"]
[BlackElo "2509"]

1.e4 e5 2.Nf3 Nc6 3.Bb5 a6 4.Ba4 Nf6 5.O-O Be7 6.Re1 b5 7.Bb3 d6 8.c3 O-O
9.h3 Bb7 10.d4 Re8 11.a4 h6 12.Nbd2 Bf8 13.d5 Ne7 14.Nh2 Ng6 15.Ng4 Nxg4
16.hxg4 Be7 17.Nf1 Bg5 18.Be3 Qd7 19.Bxg5 hxg5 20.Ne3 Reb8 21.axb5 axb5 22.Qd2 Ne7
23.f3 f6 24.Nc2 g6 25.Nb4 Kg7 26.Red1 Qe8 27.Qe1 Bc8 28.Qe3 Bb7 29.Bc2 Rxa1
30.Rxa1 Ra8 31.Qc1 c5 32.dxc6 Nxc6 33.Nd5 Qb8 34.Qd1 Ra5 35.Rxa5 Nxa5 36.Nb4 Nc4
37.Qa1 Qc7 38.Bd3 Qc5+ 39.Kh2 Qf2 40.Bxc4 bxc4 41.Qd1 f5 42.Qxd6 Qh4+ 43.Kg1 Qe1+
44.Kh2 Qh4+  1/2-1/2

[Event "15th Open A"]
[Site "Vienna AUT"]
[Date "2006.08.03"]
[Round "6"]
[White "Boehm,G"]
[Black "Zoebisch,H"]
[Result "1/2-1/2"]
[WhiteElo "2076"]
[BlackElo "2194"]

1.e4 e5 2.Nf3 Nc6 3.Bb5 a6 4.Ba4 Nf6 5.O-O Be7 6.Re1 b5 7.Bb3 d6 8.h3 O-O
9.c3 Bb7 10.d3 Na5 11.Bc2 c5 12.Nbd2 Re8 13.Nf1 Bf8 14.Ng3 h6 15.Nf5 d5 16.d4 dxe4
17.Nxe5 cxd4 18.cxd4 Rc8 19.Bb3 Nxb3 20.Qxb3 Bd5 21.Qg3 Kh8 22.Qh4 Nh7 23.Qxd8 Rexd8
24.a3 Kg8 25.Bd2 Be6 26.Ng3 f5 27.Bc3 Nf6 28.f3 exf3 29.Nxf3 Re8 30.Nh4 f4
31.Ne4 Nxe4 32.Rxe4 g5 33.Rae1 Bf7 34.Rxe8 Rxe8 35.Rxe8 Bxe8 36.Nf3 Bc6 37.Ne5 Be8
38.Nd3 Bc6 39.Ne5  1/2-1/2

[Event "ch-Euro Senior"]
[Site "Davos SUI"]
[Date "2006.08.08"]
[Round "4"]
[White "Tseitlin,Ma"]
[Black "Klovans,J"]
[Result "1/2-1/2"]
[WhiteElo "2455"]
[BlackElo "2433"]

1.e4 e5 2.Nf3 Nc6 3.Bb5 a6 4.Ba4 Nf6 5.O-O Be7 6.Re1 b5 7.Bb3 d6 8.c3 O-O
9.h3 Bb7 10.d4 Re8 11.Nbd2 Bf8 12.Bc2 h6 13.d5 Ne7 14.b3 c6 15.c4 Nd7 16.Nf1 cxd5
17.cxd5 f5 18.exf5 Nxd5 19.Ng3 N7f6 20.Bb2  1/2-1/2

[Event "Empresa B"]
[Site "Montreal CAN"]
[Date "2006.08.10"]
[Round "3"]
[White "Arencibia,W"]
[Black "Krnan,T"]
[Result "1/2-1/2"]
[WhiteElo "2539"]
[BlackElo "2399"]

1.e4 e5 2.Nf3 Nc6 3.Bb5 a6 4.Ba4 Nf6 5.O-O Be7 6.Re1 b5 7.Bb3 d6 8.c3 O-O
9.h3 Bb7 10.d3 Na5 11.Bc2 c5 12.Nbd2 Re8 13.Nf1 Bf8 14.Bg5 h6 15.Bh4 Be7
16.Ne3 Nh7 17.Bg3 Ng5 18.Nh2 Bf8 19.h4 Ne6 20.a3 c4 21.d4 Nf4 22.Nf3 Nh5
23.Bh2 exd4 24.Nxd4 g6 25.g4 Ng7 26.Bg3 Nc6 27.Nd5 Nxd4 28.Qxd4 Ne6 29.Qd2 Bxd5
30.exd5 Nc5 31.Rxe8 Qxe8 32.Re1 Qd7 33.f3 Re8 34.Rxe8 Qxe8 35.h5 gxh5 36.gxh5 f5
37.Bxf5 Qxh5 38.Qf4 Qg5 39.Qxg5+ hxg5 40.Kg2 Kf7 41.Kh3 Kf6 42.Kg4 Nd3 43.Bc8 a5
44.Ba6 Nxb2 45.Bf2 Bg7 46.Bxb5 Kg6 47.Be8+ Kh6 48.Be3 Bxc3 49.Kf5 Kg7 50.Bxg5 Bd4
51.Ke4 Bc5 52.Bd2 Bxa3 53.Bxa5 Kf8 54.Bb5 Ke7 55.f4 Nd3 56.Bxc4 Nc5+ 57.Kf5 Bb2
58.Bb5  1/2-1/2

[Event "Acropolis Open"]
[Site "Athens GRE"]
[Date "2006.08.15"]
[Round "3"]
[White "Aroshidze,L"]
[Black "Mastrovasilis,A"]
[Result "0-1"]
[WhiteElo "2490"]
[BlackElo "2521"]

1.e4 e5 2.Nf3 Nc6 3.Bb5 a6 4.Ba4 Nf6 5.O-O Be7 6.Re1 b5 7.Bb3 d6 8.c3 O-O
9.h3 Bb7 10.d4 Nd7 11.Nbd2 exd4 12.cxd4 Nb4 13.Nf1 c5 14.a3 Nc6 15.Bf4 Nxd4
16.Nxd4 cxd4 17.Qxd4 Nc5 18.Ba2 Bf6 19.Qxd6 Nd3 20.Re2 Bxb2 21.Rb1 Bxa3 22.Qxa3 Nxf4
23.Re3 Qg5 24.Ng3 h5 25.h4 Qxh4 26.Rf3 Rae8 27.Qe3 Ng6 28.Re1 Qg4 29.Qb6 Ba8
30.Qd4 Nf4 31.Qe3 Rxe4 32.Qxe4 Bxe4 33.Rxe4 g5 34.Bb1 h4 35.Re5 Rc8 36.Bf5 Rc1+
37.Kh2 hxg3+ 38.Rxg3 Qh4+ 39.Bh3 Nxh3 40.gxh3 f6  0-1

[Event "4th Staunton Mem"]
[Site "London/Crowthorne ENG"]
[Date "2006.08.17"]
[Round "4"]
[White "L'Ami,E"]
[Black "Werle,J"]
[Result "1/2-1/2"]
[WhiteElo "2586"]
[BlackElo "2531"]

1.e4 e5 2.Nf3 Nc6 3.Bb5 a6 4.Ba4 Nf6 5.O-O Be7 6.Re1 b5 7.Bb3 d6 8.c3 O-O
9.h3 Bb7 10.d4 Re8 11.Ng5 Rf8 12.Nf3 Re8 13.Ng5 Rf8 14.Nf3 Re8 15.Nbd2 Bf8
16.a4 h6 17.Bc2 exd4 18.cxd4 Nb4 19.Bb1 c5 20.d5 Nd7 21.Ra3 c4 22.Nd4 Qf6
23.N2f3  1/2-1/2

[Event "NH Hotels"]
[Site "Amsterdam NED"]
[Date "2006.08.23"]
[Round "5"]
[White "Karjakin,Sergey"]
[Black "Beliavsky,A"]
[Result "1/2-1/2"]
[WhiteElo "2679"]
[BlackElo "2625"]

1.e4 e5 2.Nf3 Nc6 3.Bb5 a6 4.Ba4 Nf6 5.O-O Be7 6.Re1 b5 7.Bb3 d6 8.c3 O-O
9.h3 Bb7 10.d4 Re8 11.Nbd2 Bf8 12.a4 Na5 13.Ba2 c5 14.d5 c4 15.b4 cxb3 16.Nxb3 Bc8
17.Bg5 Nc4 18.axb5 axb5 19.Nbd2 Nxd2 20.Nxd2 Be7 21.Be3 Bd7 22.c4 Qc7 23.Qe2 Reb8
24.Bb3 bxc4 25.Bxc4 Rxa1 26.Rxa1 h6 27.Kh2 Nh7 28.g3 Bg5 29.f4 exf4 30.gxf4 Bf6
31.Ra2 Nf8 32.f5 Re8 33.Bd3 Qc3 34.Nc4 Bb5 35.Bd2 Qd4 36.Be3 Qc3 37.Bd2  1/2-1/2

[Event "Open"]
[Site "Brasschaat BEL"]
[Date "2006.08.24"]
[Round "6"]
[White "Steenbekkers,F"]
[Black "Van Herck,P"]
[Result "1/2-1/2"]
[WhiteElo "2239"]
[BlackElo "1950"]

1.e4 e5 2.Nf3 Nc6 3.Bb5 a6 4.Ba4 Nf6 5.O-O Be7 6.Re1 b5 7.Bb3 d6 8.c3 O-O
9.h3 Bb7 10.d4 Re8 11.Ng5 Rf8 12.Nf3 Re8 13.Nbd2 Bf8 14.a4 h6 15.Bc2 exd4
16.cxd4 Nb4 17.Bb1 c5 18.d5 Nd7 19.Ra3 f5 20.Nh2 Nf6 21.Rf3 Re5 22.b3 fxe4
23.Nxe4 Nxe4 24.Bxe4  1/2-1/2